Responses for Show #8985 - Friday, December 1, 2023

2023 Champions Wildcard Hearts quarterfinal game 3.

Contestants

[<< previous game]

Brianne Barker, a biology professor from Madison, New Jersey

Bryce Hwang, an ophthalmology resident from Philadelphia, Pennsylvania

Garrett Marcotte, a software engineer from Boulder, Colorado

[next game >>]

Jeopardy! Round responses

LANDMARKS FOR SALE
A RED-HOT LATIN LAWYER
MACBETH'S WITCHES ON FOOD NETWORK
(Ken: Each response will be an ingredient mentioned in the Scottish play.)
CROSSWORD CLUES "H"
NURSERY RHYME PHOBIAS
AEROSMITH
    $200 30
the Eiffel Tower

Brianne
    $200 1
a witness

Bryce
    $200 29
(Brianne: What is a newt?)

a frog

GarrettBrianne
    $200 27
hibachi

Bryce
    $200 28
cold

Bryce
    $200 26
(Steven) Tyler

Bryce
    $400 23
the Statue of Liberty

Garrett
    $400 20
subpoena

Garrett
    $400 22
an eclipse

Bryce
    $400 18
an herbivore

Bryce
    $400 25
(Garrett: What is all the way home?)
...
(Ken: It followed her to [*] one day.)

school

Garrett
Triple Stumper
    $400 24
Janie

Brianne
    $600 2
(Bryce: What is... the Winged Nike?)

the Sphinx

BryceBrianne
    $600 19
non compos mentis

Bryce
    $600 21
tooth

Bryce
    $600 17
a hoax

Bryce
    $600 5
kissing the girls (kissing anybody)

Brianne
    $600 15
"Dream On"

Garrett
    $800 9
Easter Island

Bryce
    $1,000 8
affidavit

Garrett
    $800 12
hemlock

Garrett
    $800 13
a hurdle

Garrett
    $800 4
(Ken: That's a fear of [*]; how does your garden grow?)

flowers

Triple Stumper
    $800 3
(Bryce: What is Saturday Night Fever?)
...
(Ken: Perhaps best forgotten, the movie of [*].)

Sgt. Pepper's Lonely Hearts Club Band

Bryce
Triple Stumper
    $1000 10
the CN Tower

Garrett
    $1000 7
The Verdict

Triple Stumper
    $1000 11
a baboon

Garrett
    $1000 14
hubris

Garrett
    $1000 6
the king

Garrett
    $1000 16
Armageddon

Brianne

Scores at the first commercial break (after clue 15):

Garrett Bryce Brianne
$7,200 -$400 $1,200

Scores at the end of the Jeopardy! Round:

Garrett Bryce Brianne
$7,800 $2,800 $2,600

Double Jeopardy! Round responses

EVE 6
FUN WITH GEOMETRY
OK, CORRAL ME
ONE OF THESE KINGS IS NOT LIKE THE OTHERS
(Ken: Because he ruled a different country from the other two.)
PUNNY & NOT-PUNNY DEFINITIONS
EROS MYTH
    $400 25
Jan

Brianne
    $400 24
an angle

Brianne
    $400 28
milk

Brianne
    $400 26
(Bryce: Who is Richard III?)
...
(Ken: Yeah, two of them are British, one French.)

Louis XIV

GarrettBryce
    $400 30
a preamble

Brianne
    $400 29
Jason

Garrett
    $800 4
Grease

Brianne
    $800 23
a diagonal

Garrett
    $800 27
an ear

Bryce
    $800 14
(Ken: The only German, yes.)

Frederick the Great

Bryce
    $800 22
under study

Garrett
    $800 20
Aphrodite

Bryce
    $1200 7
Moneypenny

Garrett
    $1200 3
isosceles

Garrett
    $1200 15
lard

Bryce
    $1200 12
(Ken: Correct, English, not Swedish.)

Edward

Brianne
    $1200 21
(Bryce: What is re... vest?)

redress

BryceBrianne
    $1200 19
Amor

Garrett
    $1600 6
All About Eve

Garrett
    $1600 2
a rectangle

Brianne
    $1600 16
a longhorn

Brianne
    $1600 11
(Ken: Yeah, he's Russian.)

Nicholas II

Bryce
    $1,000 18
a supervisor

Garrett
    $1600 9
Chaos

Triple Stumper
    $2000 5
The Three Faces of Eve

Brianne
    $2000 1
oblate

Garrett
    $2000 17
foot-and-mouth disease

Garrett
    $2000 10
(Ken: He is French, yes; the others are Spanish.)

Carloman

Bryce
    $2000 13
a con course

Bryce
    $7,000 8
psyche

Garrett

Scores at the end of the Double Jeopardy! Round:

Garrett Bryce Brianne
$27,400 $10,400 $12,600
(lock game)

[wagering suggestions for these scores]

Final Jeopardy! Round responses

BODIES OF WATER
(Ken: [To Bryce] What is [*]? Yes, because you couldn't drink from it--also, "Rest in peace, Grandpa". Did you just lose your grandpa, Bryce?)
(Bryce: Yeah, last week.)
(Ken: Was he a Jeopardy! fan?)
(Bryce: He was.)
(Ken: That's a lovely tribute; I'm happy to say you're correct.)
BryceWhat the Great Salt Lake? Rest in peace, grandpa
$0
BrianneWhat is Oneida Lake
$8,201
GarrettWhat is the Great Salt Lake?
$0
the Great Salt Lake

Final scores:

Garrett Bryce Brianne
$27,400 $10,400 $4,399
Winner: semifinalist 2nd place: $5,000 3rd place: $5,000

Game dynamics:

Coryat scores:

Garrett Bryce Brianne
$22,800 $10,400 $12,600
23 R
(including 3 DDs),
1 W
17 R,
4 W
15 R,
1 W

Combined Coryat: $45,800

[game clues] [game scores] [suggest correction]

Game tape date: 2023-11-06
The J! Archive is created by fans, for fans. Scraping, republication, monetization, and malicious use prohibited; this site may use cookies and collect identifying information. See terms. The Jeopardy! game show and all elements thereof, including but not limited to copyright and trademark thereto, are the property of Jeopardy Productions, Inc. and are protected under law. This website is not affiliated with, sponsored by, or operated by Jeopardy Productions, Inc. Join the discussion at JBoard.tv.